000 01068nam a2200253 i 4500
003 IT-RoINE
005 20200703080313.0
008 960216s1968 sp |r 001 spa d
040 _aUSA
_dUPSA
_dIT-RoINE
_cesslup IT-RoINE
100 1 _aLizárraga, Reginaldo de,
_d1545-1615
_916972
245 1 0 _aDescripción breve de toda la tierra del Perú, Tucumán, Rio de la Plata y Chile /
_cde Reginaldo de Lizárraga. Jornada del rio Marañón / de Toribio de Ortiguera ; estudio preliminar de Mario Hernández Sánchez Barba.
260 _aMadrid :
_bAtlas,
_c1968.
300 _aXVI, 368 p. ;
_c26 cm.
336 _2rdacontent
_atext
337 _2rdamedia
_aunmediated
338 _2rdacarrier
_avolume
490 1 0 _aBiblioteca de autores españoles ;
_v216
500 _aIncluye índice.
651 4 _aAmérica Latina
_xDescripciones y viajes
_95868
700 1 2 _aOrtiguera, Toribio de,
_dSiglo 16o.
_tJornada del Río Marañón
_916974
700 1 _aHernández Sánchez Barba, Mario,
_d1925-
_916975
830 0 _912318
_aBiblioteca de autores españoles
942 _cMTS
999 _c8234
_d8234